Proyectos turísticos (Record no. 114644)
[ view plain ]
| 000 -LEADER | |
|---|---|
| fixed length control field | 00730cam a2200229 4500 |
| 005 - DATE AND TIME OF LATEST TRANSACTION | |
| control field | 20240103141326.0 |
| 008 - FIXED-LENGTH DATA ELEMENTS--GENERAL INFORMATION | |
| fixed length control field | | mx gr 00| 0 spa|d |
| 020 ## - INTERNATIONAL STANDARD BOOK NUMBER | |
| International Standard Book Number | 968243694X |
| 020 ## - INTERNATIONAL STANDARD BOOK NUMBER | |
| International Standard Book Number | 9789682436949 |
| 050 04 - LIBRARY OF CONGRESS CALL NUMBER | |
| Classification number | G155.A1 |
| Item number | H47 1990 |
| 100 1# - MAIN ENTRY--PERSONAL NAME | |
| Personal name | Hernández Díaz, Edgar Alfonso |
| 245 10 - TITLE STATEMENT | |
| Title | Proyectos turísticos |
| Remainder of title | : formulación y evaluación |
| Statement of responsibility, etc | / Edgar Alfonso Hernández Díaz. |
| 250 ## - EDITION STATEMENT | |
| Edition statement | 2a ed. |
| 260 ## - PUBLICATION, DISTRIBUTION, ETC. (IMPRINT) | |
| Place of publication, distribution, etc | México : |
| Name of publisher, distributor, etc | Trillas, |
| Date of publication, distribution, etc | 1990 |
| 300 ## - PHYSICAL DESCRIPTION | |
| Extent | 211 p. ; |
| Dimensions | 24 cm. |
| 490 0# - SERIES STATEMENT | |
| Series statement | Trillas turismo |
| 504 ## - BIBLIOGRAPHY, ETC. NOTE | |
| Bibliography, etc | Incluye bibliografías e índice |
| 650 #4 - SUBJECT ADDED ENTRY--TOPICAL TERM | |
| Topical term or geographic name as entry element | Turismo |
| General subdivision | Estudio y enseñanza (Educación media superior) |
| 650 #4 - SUBJECT ADDED ENTRY--TOPICAL TERM | |
| Topical term or geographic name as entry element | Turismo |
| General subdivision | Finanzas |
| 650 #4 - SUBJECT ADDED ENTRY--TOPICAL TERM | |
| Topical term or geographic name as entry element | Inversiones |
| General subdivision | |
| 942 ## - ADDED ENTRY ELEMENTS (KOHA) | |
| Source of classification or shelving scheme | Biblioteca del Cogreso de los Estados Unidos |
| Koha item type | Libro |
| Estado de pérdida | Fuente de clasificación | Estado del daño | No para préstamo | Ubicación permanente | Ubicación actual | Apartado o colección | Fecha de adquisición | Fuente de adquisición | Edición | Enumeración de Serie / Cronológica | Dependencia de educación superior (DES) | Área del conocimiento | Clasificación | Código de Barras | Date last seen | Número de copia | Costo por reposición | Tipo de recurso | Nota pública | Total Checkouts | Date checked out |
|---|---|---|---|---|---|---|---|---|---|---|---|---|---|---|---|---|---|---|---|---|---|
| Biblioteca del Cogreso de los Estados Unidos | Biblioteca de la Facultad de Economía | Biblioteca de la Facultad de Economía | General | 15/12/2023 | Unidad Académica | 2a ed. | Ciencias Económico Administrativas | Ciencias Sociales y Administrativas | G155.A1 H47 r2004 | BFE000001905 | 06/07/2016 | 1 | 1.00 | Libro | 7a reimp. | ||||||
| Biblioteca del Cogreso de los Estados Unidos | Uso interno Biblioteca | Biblioteca de la Facultad de Economía | Biblioteca de la Facultad de Economía | General | 15/12/2023 | Unidad Académica | 2a ed. | Ciencias Económico Administrativas | Ciencias Sociales y Administrativas | G155.A1 H47 r2008 | BFE000010436 | 06/07/2016 | 1 | 1.00 | Libro | reimp. 2008 | |||||
| Biblioteca del Cogreso de los Estados Unidos | Biblioteca de la Facultad de Economía | Biblioteca de la Facultad de Economía | General | 15/12/2023 | Unidad Académica | 2a ed. | Ciencias Económico Administrativas | Ciencias Sociales y Administrativas | G155.A1 H47 r2008 | BFE000010437 | 06/07/2016 | 2 | 1.00 | Libro | reimp 2008 | ||||||
| Biblioteca del Cogreso de los Estados Unidos | Biblioteca de la Facultad de Economía | Biblioteca de la Facultad de Economía | General | 15/12/2023 | Unidad Académica | 2a ed. | Ciencias Económico Administrativas | Ciencias Sociales y Administrativas | G155.A1 H47 r2008 | BFE000010438 | 13/06/2018 | 3 | 1.00 | Libro | reimp 2008 | 1 | 11/06/2018 | ||||
| Biblioteca del Cogreso de los Estados Unidos | Biblioteca de la Facultad de Economía | Biblioteca de la Facultad de Economía | General | 03/01/2024 | Unidad Académica | 2a ed. | Ciencias Económico Administrativas | Ciencias Sociales y Administrativas | G155.A1 H47 r2008 | BFE000010439 | 06/07/2016 | 4 | 1.00 | Libro | reimp 2008 | ||||||
| Biblioteca del Cogreso de los Estados Unidos | Biblioteca de la Facultad de Economía | Biblioteca de la Facultad de Economía | General | 03/01/2024 | Unidad Académica | 2a ed. | Ciencias Económico Administrativas | Ciencias Sociales y Administrativas | G155.A1 H47 r2008 | BFE000010440 | 06/07/2016 | 5 | 1.00 | Libro | reimp 2008 |